A case book for exploring diversity / (Record no. 20995)

MARC details
000 -LEADER
fixed length control field 01094cam a2200313 a 4500
001 - CONTROL NUMBER
control field 12608512
003 - CONTROL NUMBER IDENTIFIER
control field OSt
005 - DATE AND TIME OF LATEST TRANSACTION
control field 20211201153840.0
008 - FIXED-LENGTH DATA ELEMENTS--GENERAL INFORMATION
fixed length control field 011204s2003 njua b 001 0 eng
010 ## - LIBRARY OF CONGRESS CONTROL NUMBER
LC control number 2001059051
020 ## - INTERNATIONAL STANDARD BOOK NUMBER
International Standard Book Number 0130938092 (pbk.)
040 ## - CATALOGING SOURCE
Original cataloging agency DLC
Transcribing agency HU
Modifying agency DLC
043 ## - GEOGRAPHIC AREA CODE
Geographic area code n-us---
050 00 - LIBRARY OF CONGRESS CALL NUMBER
Classification number LC1099.3
Item number .R43 2003
082 00 - DEWEY DECIMAL CLASSIFICATION NUMBER
Classification number 370.117/0973
Edition number 21
100 1# - MAIN ENTRY--PERSONAL NAME
Personal name Redman, George,
Dates associated with a name 1941
9 (RLIN) 21349
245 12 - TITLE STATEMENT
Title A case book for exploring diversity /
Statement of responsibility, etc. George L. Redman.
250 ## - EDITION STATEMENT
Edition statement 2nd ed.
260 ## - PUBLICATION, DISTRIBUTION, ETC.
Place of publication, distribution, etc. Upper Saddle River, N.J. :
Name of publisher, distributor, etc. Merrill,
Date of publication, distribution, etc. c2003.
300 ## - PHYSICAL DESCRIPTION
Extent xvi, 189 p. :
Other physical details ill. ;
Dimensions 24 cm.
504 ## - BIBLIOGRAPHY, ETC. NOTE
Bibliography, etc. note Includes bibliographical references (p. 183-189).
650 #0 - SUBJECT ADDED ENTRY--TOPICAL TERM
Topical term or geographic name entry element Multicultural education
Geographic subdivision United States.
9 (RLIN) 21350
650 #0 - SUBJECT ADDED ENTRY--TOPICAL TERM
Topical term or geographic name entry element Cultural pluralism
Geographic subdivision United States.
9 (RLIN) 21351
650 #0 - SUBJECT ADDED ENTRY--TOPICAL TERM
Topical term or geographic name entry element Case method.
9 (RLIN) 14404
650 #0 - SUBJECT ADDED ENTRY--TOPICAL TERM
Topical term or geographic name entry element Teachers
General subdivision Training of
Geographic subdivision United States.
9 (RLIN) 21352
906 ## - LOCAL DATA ELEMENT F, LDF (RLIN)
a 7
b cbc
c orignew
d 1
e ocip
f 20
g y-gencatlg
942 ## - ADDED ENTRY ELEMENTS (KOHA)
Source of classification or shelving scheme Dewey Decimal Classification
Koha item type Books like text book referance book
Suppress in OPAC No
Holdings
Withdrawn status Lost status Source of classification or shelving scheme Damaged status Not for loan Home library Current library Shelving location Date acquired Total Checkouts Full call number Barcode Date last seen Copy number Price effective from Koha item type
    Dewey Decimal Classification     Social Library Social Library General Stacks 12/01/2021   370.1170973 SHLIB 00010895 12/01/2021 1 12/01/2021 Books like text book referance book